Colombia veinte millones de pobres y ocho millones de indigentes

محفوظ في:
التفاصيل البيبلوغرافية
المؤلف الرئيسي: Mora, Tarsicio
التنسيق: غير معروف
اللغة:Spanish
الوسوم: إضافة وسم
لا توجد وسوم, كن أول من يضع وسما على هذه التسجيلة!

MARC

LEADER 00000 a2200000 4500
003 CIICLA
005 20140211173616.0
007 ta
008 140211s2012 c ||||f |||| 10| 0 spa d
040 |c cru CIICLA Universidad de Costa Rica 
082 |a 338.98 C969c 
100 1 |a Mora, Tarsicio 
245 1 0 |a Colombia  |b veinte millones de pobres y ocho millones de indigentes  |c Tarsicio Mora 
300 |a 79 página 
773 0 |z 117872  |t Foros Camino a Cartagena 
942 |2 ddc  |c AM 
999 |c 3203  |d 3203